000 00673nam a2200277Ia 4500
008 210210b2014 xxu||||| |||| 00| 0 eng d
020 _a9788192679617
041 _aeng
082 _a351.3 SASG
100 _aSASIKUMAR(V)and others
245 _aGeneral studies for civil services preliminary examination: paper II 2014
260 _aNew Delhi
_bNot Mentioned
_c2014
300 _axi, 854
650 _astudies
650 _aservices
650 _apreliminary
650 _apaper
650 _aII
650 _aGeneral
650 _afor
650 _aexamination:
650 _acivil
650 _a2014
690 _aCivil Service
906 _a068223
999 _c152463
_d152463